Top 15 Länder mit Covid-19-Todesfällen - 28. August - Statistiken

Allgemein
  • Dieses Quiz wurde 16 mal gespielt
  • Das Durchschnittsergebnis liegt bei 12 aus 19
Antwortstatistiken
Land % Korrekt
Vereinigte Staaten
100%
Brasilien
94%
Indien
94%
Russland
94%
Spanien
94%
Italien
88%
Frankreich
75%
Mexiko
75%
Vereinigtes Königreich
69%
Chile
63%
Südafrika
56%
Iran
50%
Peru
44%
Schweden
44%
Kolumbien
38%
Bolivien
31%
Ecuador
31%
Belgien
19%
Panama
13%
Keine übereinstimmenden Quizze gefunden
Verteilung der Resultate
Anzahl Personen mit jedem Resultat
Perzentil nach korrekt beantworteten Fragen
Ihre Resultats-Entwicklung
Sie haben dieses Quiz noch nicht gespielt